01039nam a2200265 i 4500001001000000003000900010005001700019007000300036008004100039040003000080041000800110082002800118100005000146245007100196264005500267300005500322336002700377337003300404338002800437500003900465504003400504600009100538651007800629651006600707000022256DO-SdBNP20250630101642.0ta100921t1979 dr ac 001 0bspa d aDO-SdBNPbspacBNPHUerda aspa 4a923.17293053bT866a2221 aArzeno Rodríguez, Luis,d1922-eautor4aut.10aTrujillo :banécdotas de un dictador /cLuis Arzeno Rodríguez. 1aSanto Domingo :bPublicaciones América,c[1979]. a169 páginas :bilustraciones, retratos ;c21 cm. atextobtxt2rdacontent asin mediaciónbn2rdamedia avolumenbnc2rdacarrier aIncluye notas al pie de páginas. aBibliografía: página 172.10aTrujillo Molina, Rafael Leónidas,d1891-1961vAnécdotas, chistes y sátiras, etc. 4aRepública DominicanaxPolítica y gobiernoyEra de Trujillo, 1930-1961 4aRepública DominicanaxHistoria yEra de Trujillo, 1930-1961